00203nam a2200085Ia 4500008004100000041000800041100002300049245003600072260000900108230508s1998 xx 000 0 und d aeng aMAHAJAN M S , MALI aINDUSTRIAL ORG. AND SUPER. MNGT c1998